Normal view
MARC view
Entry Personal Name
001 - CONTROL NUMBER
- control field: 17935
003 - CONTROL NUMBER IDENTIFIER
- control field: BD-RjUL
005 - DATE AND TIME OF LATEST TRANSACTION
- control field: 20260401100020.0
008 - FIXED-LENGTH DATA ELEMENTS
- fixed length control field: 260401|| aca||aabn | a|a d
040 ## - CATALOGING SOURCE
- Original cataloging agency: BD-RjUL
- Transcribing agency: BD-RjUL
100 ## - HEADING--PERSONAL NAME
- Personal name: রহমান, মো. মাহফুজুর,গবেষক
670 ## - SOURCE DATA FOUND
- Source citation: Work cat.: (BD-RjUL)86281: রহমান, মো. মাহফুজুর,গবেষক, ইসলামে হদ এর প্রয়োগ ও তার শরীআহ দর্শন /, ২০২৫